| 000 | 00375nam a22001337a 4500 | ||
|---|---|---|---|
| 003 | NUST | ||
| 020 | _a978-0-19-274709-9 | ||
| 082 | _a423.12, OXF | ||
| 245 | _aOxford Mini School Thesaurus | ||
| 260 |
_aUK _bOxford Uni Press _c2016 |
||
| 300 | _axi, 724: pages | ||
| 505 | _aOxford Mini School Thesaurus (Page-1-707), Young Writer's Toolkit (Page-709). | ||
| 942 |
_2ddc _cBK |
||
| 999 |
_c591168 _d591168 |
||